| 000 | 01371cam a2200265 4500 | ||
|---|---|---|---|
| 001 | ABS64865 | ||
| 008 | 011213n2001 000 0 eng u | ||
| 035 | _a(Sirsi) u115995 | ||
| 100 | _aHelps, D | ||
| 245 | _aConstruction Act review | ||
| 260 | _c2001 | ||
| 490 |
_aConstruction Law Journal _v17(4) 2001, 308-321(14) |
||
| 520 | _aIn depth analysis of the Housing Grants Construction and Regeneration Act 1996 (HGCR) s107, the provision concerned with construction contracts in writing. Examines the HGCR Act s107(2), s107(3), s107(4) and s107(5) with reference to key case law. Illustrates that the 'in writing' requirement is not literal and s107 allows for an agreement to be deemed to be in writing in circumstances in which it is not actually in writing. | ||
| 590 | _aABS | ||
| 650 | _aHOUSING GRANTS, CONSTRUCTION AND REGENERATION ACT 1996 S107 | ||
| 650 | _aBUILT ENVIRONMENT-BUILDING CONTRACT FORMS | ||
| 650 | _aMANAGEMENT-DISPUTE AVOIDANCE, MANAGEMENT AND RESOLUTION-DISPUTE MANAGEMENT AND RESOLUTION-ALTERNATIVE DISPUTE RESOLUTION-ADJUDICATION | ||
| 650 | _aWRITTEN AGREEMENTS | ||
| 650 | _aPEPPER V HART | ||
| 650 | _aA AND D MAINTENANCE AND CONSTRUCTION LTD V PAGEHURST CONSTRUCTION SERVICES LTD | ||
| 650 | _aGROVEDECK LTD V CAPITAL DEMOLITION LTD | ||
| 690 | _aBUILDING AND CONSTRUCTION-LAW | ||
| 700 | _aSheridan, P | ||
| 942 | _n0 | ||
| 999 |
_c69111 _d69111 |
||